Creatures of Sonaria - All Species - Statistics

General Stats
  • This quiz has been taken 22 times
  • The average score is 65 of 371
Answer Stats
Tier (Size) Type Diet Species % Correct
5 (Enormous) Land Carnivore Korathos
62%
5 (Enormous) Land Herbivore Boreal Warden
54%
5 (Enormous) Flier Omnivore Novus Warden
54%
2 (Small) Semi-aquatic Carnivore Adharcaiin
46%
4 (Large) Flier Carnivore Angelic Warden
46%
5 (Enormous) Land Omnivore Ardor Warden
46%
4 (Large) Flier Carnivore Corvurax
46%
5 (Enormous) Aquatic Carnivore Eigion Warden
46%
3 (Medium) Land Herbivore Garra Warden
46%
5 (Enormous) Land Carnivore Hellion Warden
46%
1 (Tiny) Land Omnivore Jeff
46%
5 (Enormous) Semi-aquatic Carnivore Kendyll
46%
3 (Medium) Flier Omnivore Keruku
46%
4 (Large) Land Herbivore Verdant Warden
46%
1 (Tiny) Land Herbivore Ani
38%
4 (Large) Flier Carnivore Aolenus
38%
4 (Large) Flier Carnivore Banishii
38%
4 (Large) Flier Carnivore Bazelii
38%
5 (Enormous) Land Carnivore Caldonterrus
38%
5 (Enormous) Semi-aquatic Carnivore Mijusuima
38%
1 (Tiny) Semi-aquatic Omnivore Minawii
38%
3 (Medium) Flier Carnivore Sochuri
38%
5 (Enormous) Flier Herbivore Aesmir
31%
5 (Enormous) Flier Carnivore Ahri'Tahmuk/Sar'Hingaro
31%
4 (Large) Flier Carnivore Archalium
31%
4 (Large) Aquatic Carnivore Axothan
31%
4 (Large) Land Omnivore Boskurro
31%
3 (Medium) Land Herbivore Buukon
31%
1 (Tiny) Land Herbivore Cottol
31%
1 (Tiny) Flier Carnivore Euvias
31%
4 (Large) Flier Carnivore Fellisio
31%
5 (Enormous) Land Carnivore Ghartokus
31%
3 (Medium) Flier Carnivore Ghibli
31%
3 (Medium) Land Herbivore Gloracus
31%
3 (Medium) Flier Carnivore Hallucinix
31%
2 (Small) Land Omnivore Idrabark
31%
4 (Large) Land Omnivore Imeaorn
31%
2 (Small) Flier Carnivore Kaluaka/Vin'rou
31%
4 (Large) Land Photovore Lerachu
31%
5 (Enormous) Aquatic Carnivore Magnacetus
31%
2 (Small) Land Carnivore Menace
31%
4 (Large) Flier Carnivore Ouratum
31%
3 (Medium) Land Carnivore Pierry
31%
1 (Tiny) Land Carnivore Rukig
31%
2 (Small) Land Carnivore Saikarie
31%
2 (Small) Flier Herbivore Sturbi
31%
2 (Small) Land Herbivore Therokis
31%
3 (Medium) Land Herbivore Trikylo
31%
3 (Medium) Flier Herbivore Tundrik
31%
4 (Large) Flier Omnivore Ura
31%
3 (Medium) Flier Carnivore Aeris
23%
3 (Medium) Semi-aquatic Herbivore Aesho
23%
3 (Medium) Land Photovore Aholai
23%
2 (Small) Flier Herbivore Akorbik
23%
4 (Large) Aquatic Carnivore Aleicuda
23%
1 (Tiny) Semi-aquatic Herbivore Alkaksu
23%
4 (Large) Flier Carnivore Anutill
23%
5 (Enormous) Aquatic Herbivore Aqoxturumox
23%
2 (Small) Land Carnivore Arcabatur
23%
3 (Medium) Land Herbivore Archinax
23%
4 (Large) Land Carnivore Arkmetta
23%
2 (Small) Aquatic Carnivore Arrainoa
23%
3 (Medium) Flier Photo-carni Artikauk
23%
4 (Large) Semi-aquatic Carnivore Bäruw
23%
1 (Tiny) Flier Herbivore Beezu
23%
1 (Tiny) Land Omnivore Belluvaraptor
23%
2 (Small) Aquatic Carnivore Bengon
23%
3 (Medium) Land Carnivore Bolatra
23%
5 (Enormous) Flier Herbivore Celeritas
23%
3 (Medium) Land Carnivore Chrysos
23%
2 (Small) Land Herbivore Cimmabu
23%
4 (Large) Land Photovore Coniferon
23%
2 (Small) Land Photo-carni Doragonix
23%
2 (Small) Glider Carnivore Dowatt
23%
3 (Medium) Land Herbivore Dragonixsauria
23%
4 (Large) Aquatic Carnivore Eiroca
23%
4 (Large) Flier Herbivore Erridea
23%
3 (Medium) Land Herbivore Faecalu
23%
1 (Tiny) Land Carnivore Felifaux
23%
1 (Tiny) Glider Photovore Fernifly
23%
2 (Small) Land Carnivore Ferrah
23%
3 (Medium) Land Photovore Fluren
23%
3 (Medium) Flier Carnivore Galiryn
23%
5 (Enormous) Land Herbivore Geoptxina
23%
5 (Enormous) Land Herbivore Geortharoc
23%
3 (Medium) Aquatic Carnivore Glovaucus
23%
5 (Enormous) Semi-aquatic Carnivore Golgaroth
23%
5 (Enormous) Land Herbivore Gramoss
23%
2 (Small) Semi-aquatic Omnivore Gurava
23%
3 (Medium) Flier Omnivore Halaqual
23%
5 (Enormous) Land Photo-carni Hygos
23%
3 (Medium) Land Carnivore Ikoran
23%
4 (Large) Flier Carnivore Irizah
23%
4 (Large) Flier Carnivore Jetebene
23%
4 (Large) Flier Carnivore Jotunhel
23%
3 (Medium) Flier Herbivore Karakro
23%
5 (Enormous) Semi-aquatic Carnivore Kavouradis
23%
3 (Medium) Land Carnivore Knalriki
23%
4 (Large) Aquatic Carnivore Kohikii
23%
1 (Tiny) Semi-aquatic Herbivore Koini
23%
1 (Tiny) Land Herbivore Kyiki
23%
3 (Medium) Land Carnivore Laharpes
23%
3 (Medium) Semi-aquatic Carnivore Lissiceous
23%
5 (Enormous) Land Herbivore Lmakosaurodon
23%
4 (Large) Flier Carnivore Lotremum
23%
2 (Small) Land Herbivore Maiueve
23%
3 (Medium) Flier Herbivore Moluna
23%
3 (Medium) Land Carnivore Morcanix
23%
1 (Tiny) Aquatic Herbivore Nimoona
23%
3 (Medium) Land Herbivore Nindyr
23%
2 (Small) Glider Omnivore Noctivul
23%
3 (Medium) Flier Carnivore Noctla'Lune
23%
5 (Enormous) Flier Omnivore Opralegion
23%
5 (Enormous) Land Photo-carni Oxytalis
23%
5 (Enormous) Flier Carnivore Parahexilian
23%
2 (Small) Land Carnivore Parux
23%
2 (Small) Land Carnivore Pernirex
23%
1 (Tiny) Flier Herbivore Pero
23%
4 (Large) Semi-aquatic Carnivore Polymonstrum
23%
4 (Large) Land Carnivore Qurugosk
23%
4 (Large) Flier Herbivore Saukuryn
23%
4 (Large) Land Carnivore Shararook
23%
5 (Enormous) Land Carnivore Sigmatox
23%
3 (Medium) Aquatic Herbivore Slaiorn
23%
5 (Enormous) Aquatic Carnivore Syroudon
23%
3 (Medium) Land Omnivore Tohukos
23%
3 (Medium) Flier Omnivore Urzuk
23%
3 (Medium) Flier Carnivore Venatrox
23%
4 (Large) Flier Omnivore Verza
23%
4 (Large) Land Carnivore Whispthera
23%
2 (Small) Flier Herbivore Wuggawyrm
23%
1 (Tiny) Land Herbivore Wystora
23%
4 (Large) Flier Carnivore Xeternos
23%
5 (Enormous) Land Herbivore Yeba'idi
23%
5 (Enormous) Land Omnivore Yggdragstyx
23%
3 (Medium) Land Carnivore Zarrax
23%
2 (Small) Flier Carnivore Zeoarex
23%
1 (Tiny) Flier Carnivore Zieti
23%
3 (Medium) Glider Herbivore Zoocuu
23%
3 (Medium) Land Herbivore Amolis
15%
3 (Medium) Land Carnivore Apofuex
15%
5 (Enormous) Aquatic Carnivore Arachyu
15%
4 (Large) Land Carnivore Arsonos
15%
4 (Large) Land Carnivore Asilvestrela
15%
1 (Tiny) Flier Herbivore Astrothi
15%
5 (Enormous) Flier Herbivore Athulyth
15%
2 (Small) Land Herbivore Aueko
15%
5 (Enormous) Semi-aquatic Carnivore Auraron
15%
5 (Enormous) Land Herbivore Avothius
15%
4 (Large) Flier Carnivore Borenhir
15%
1 (Tiny) Flier Herbivore Brequewk
15%
4 (Large) Semi-aquatic Herbivore Buff Eulopii
15%
1 (Tiny) Land Photo-carni Cantapodi
15%
4 (Large) Land Photo-carni Cavengauu
15%
3 (Medium) Land Herbivore Cenicara
15%
4 (Large) Aquatic Herbivore Chamei
15%
3 (Medium) Flier Carnivore Chisudo
15%
2 (Small) Land Herbivore Cimidstik
15%
3 (Medium) Land Photovore Citrulantis
15%
2 (Small) Flier Herbivore Colval
15%
3 (Medium) Aquatic Herbivore Cupuere
15%
5 (Enormous) Flier Carnivore Danténos
15%
3 (Medium) Land Herbivore Demetyra
15%
2 (Small) Land Carnivore Dieamarjla
15%
2 (Small) Land Herbivore Diesura
15%
2 (Small) Land Photo-carni Diokrine
15%
5 (Enormous) Land Carnivore Empiterium
15%
4 (Large) Semi-aquatic Herbivore Equenix
15%
4 (Large) Flying Omnivore Etheralotus
15%
1 (Tiny) Semi-aquatic Herbivore Eulopii
15%
2 (Small) Semi-aquatic Carnivore Exotide
15%
4 (Large) Land Herbivore Felikxtrox
15%
1 (Tiny) Flier Herbivore Flixlit
15%
3 (Medium) Land Herbivore Frigilinx
15%
3 (Medium) Land Photo-carni Fyranili
15%
3 (Medium) Aquatic Herbivore Galeostra
15%
1 (Tiny) Land Carnivore Ghalgeya
15%
5 (Enormous) Land Herbivore Gnolrok
15%
2 (Small) Semi-aquatic Herbivore Gobli
15%
3 (Medium) Land Carnivore Gorgonichus
15%
2 (Small) Semi-aquatic Herbivore Gryvila
15%
5 (Enormous) Land Carnivore Gyroudus
15%
4 (Large) Land Carnivore Heiboktoruk
15%
3 (Medium) Land Carnivore Heisoteri
15%
3 (Medium) Land Carnivore Hikorshi
15%
1 (Tiny) Flier Carnivore Hushike
15%
4 (Large) Land Herbivore Hyboria
15%
1 (Tiny) Land Carnivore Ibetchi
15%
3 (Medium) Glider Carnivore Inkpujin
15%
2 (Small) Land Herbivore Irdegarde
15%
5 (Enormous) Land Carnivore Iztajuatl
15%
3 (Medium) Land Carnivore Ketheral
15%
1 (Tiny) Glider Photovore Kiiwin
15%
3 (Medium) Aquatic Carnivore Koipise
15%
3 (Medium) Land Photo-carni Koryser
15%
1 (Tiny) Flier Herbivore Kriffin
15%
2 (Small) Land Omnivore Kriprik
15%
5 (Enormous) Land Photovore Lactarim
15%
2 (Small) Land Herbivore Laibonich
15%
5 (Enormous) Land Photovore Lorolael
15%
5 (Enormous) Flier Carnivore Lucensia
15%
5 (Enormous) Land Herbivore Mag'Masta
15%
4 (Large) Land Carnivore Magnarothus
15%
4 (Large) Semi-aquatic Herbivore Militrua
15%
2 (Small) Flier Carnivore Minthwyrm
15%
4 (Large) Land Herbivore Moemoea
15%
1 (Tiny) Semi-aquatic Herbivore Moonelle
15%
5 (Enormous) Land Herbivore Mooslmossle
15%
5 (Enormous) Land Herbivore Mufolium
15%
4 (Large) Glider Photo-carni Nolumoth
15%
2 (Small) Flier Herbivore Norskogg
15%
3 (Medium) Land Carnivore Noxiouk
15%
5 (Enormous) Land Herbivore Noxulumen
15%
4 (Large) Land Carnivore Nyctoxon
15%
3 (Medium) Land Carnivore Ovufu
15%
3 (Medium) Flier Carnivore Owa'Stryrus
15%
3 (Medium) Flier Omnivore Paru-Gama
15%
2 (Small) Semi-aquatic Herbivore Phugu
15%
1 (Tiny) Land Herbivore Prabiki
15%
1 (Tiny) Land Omnivore Puffwump
15%
1 (Tiny) Land Carnivore Ralokai
15%
3 (Medium) Aquatic Carnivore Reviiaton
15%
5 (Enormous) Flier Carnivore Sang Toare
15%
5 (Enormous) Land Herbivore Seradae
15%
4 (Large) Land Photo-carni Skulderouge
15%
3 (Medium) Land Herbivore Sleirnok
15%
4 (Large) Flier Carnivore Somnia Elus
15%
1 (Tiny) Flier Herbivore Starlit
15%
4 (Large) Flier Herbivore Sylvesqual
15%
3 (Medium) Flier Carnivore Taiyuelong
15%
4 (Large) Semi-aquatic Carnivore Therimorse
15%
4 (Large) Land Herbivore Torcherouk
15%
2 (Small) Semi-aquatic Carnivore Traiboros
15%
2 (Small) Land Carnivore Tsugae
15%
5 (Enormous) Semi-aquatic Carnivore Turgeon
15%
4 (Large) Flier Carnivore Umbraxi
15%
3 (Medium) Flier Carnivore Vaumora
15%
5 (Enormous) Land Photo-carni Venuella
15%
2 (Small) Land Carnivore Viracniar
15%
2 (Small) Land Carnivore Viridex
15%
4 (Large) Semi-aquatic Carnivore Vivoltex
15%
5 (Enormous) Land Carnivore Volnoirve
15%
2 (Small) Semi-aquatic Herbivore Wewuix
15%
4 (Large) Land Photo-carni Woodralone
15%
5 (Enormous) Flier Omnivore Xeleviprex
15%
3 (Medium) Land Photo-carni Yama'tu
15%
1 (Tiny) Semi-aquatic Herbivore Yiepir
15%
4 (Large) Land Herbivore Yohsog
15%
3 (Medium) Land Herbivore Zethines
15%
3 (Medium) Aquatic Omnivore Zhelijin
15%
2 (Small) Semi-aquatic Omnivore Zohdok
15%
4 (Large) Land Carnivore Zolbatros
15%
3 (Medium) Semi-aquatic Carnivore Zwevealisk
15%
5 (Enormous) Flier Carnivore Aidoneiscus
8%
4 (Large) Flier Herbivore Altuis
8%
3 (Medium) Land Photovore Clovilowper
8%
3 (Medium) Semi-aquatic Carnivore Corsarlett
8%
5 (Enormous) Semi-aquatic Herbivore Crata Peretina
8%
4 (Large) Land Herbivore Cryptoth
8%
4 (Large) Land Photo-carni Cucuerpum
8%
4 (Large) Flier Carnivore Cuxena
8%
3 (Medium) Flier Carnivore Dabaemura
8%
4 (Large) Flier Herbivore Dalghara
8%
4 (Large) Semi-aquatic Carnivore Denjzi
8%
5 (Enormous) Glider Carnivore Despisicle
8%
3 (Medium) Semi-aquatic Carnivore Dunklaestus
8%
3 (Medium) Land Carnivore Dyaelatura
8%
4 (Large) Land Carnivore Elarickkeir
8%
2 (Small) Land Carnivore Emphines
8%
3 (Medium) Land Carnivore Eskarlor
8%
4 (Large) Land Carnivore Exterreri
8%
4 (Large) Land Carnivore Fabráashé
8%
3 (Medium) Flier Omnivore Fairiocris
8%
4 (Large) Land Carnivore Firakai
8%
4 (Large) Glider Carnivore Flamerir
8%
4 (Large) Land Omnivore Fleuralis
8%
2 (Small) Flier Herbivore Flickaflie
8%
1 (Tiny) Aquatic Herbivore Flipli
8%
1 (Tiny) Semi-aquatic Omnivore Frigiboa
8%
2 (Small) Land Photovore Furnilixii
8%
1 (Tiny) Glider Herbivore Fyluf
8%
4 (Large) Flier Carnivore Galtekron
8%
3 (Medium) Land Omnivore Geogoff
8%
4 (Large) Land Photo-carni Grysallmog
8%
4 (Large) Flier Carnivore Haechionx
8%
4 (Large) Aquatic Herbivore Haxaline
8%
2 (Small) Land Herbivore Hebitoa
8%
2 (Small) Land Carnivore Hemokai
8%
4 (Large) Land Photo-carni Hisolidium
8%
1 (Tiny) Semi-aquatic Herbivore Imini
8%
5 (Enormous) Land Carnivore Jabblebashhe
8%
3 (Medium) Land Omnivore Jhiggo Jangl
8%
3 (Medium) Land Herbivore Kehmador
8%
1 (Tiny) Flier Herbivore Kemoti
8%
2 (Small) Land Omnivore Khiku
8%
2 (Small) Land Herbivore Kiridian
8%
4 (Large) Flier Carnivore Konomushi
8%
4 (Large) Land Carnivore Kretśnik
8%
3 (Medium) Land Omnivore Lenarabu
8%
3 (Medium) Land Carnivore Leurimess
8%
2 (Small) Flier Carnivore Levoneh
8%
4 (Large) Semi-aquatic Carnivore Lure
8%
4 (Large) Land Carnivore Luxsces
8%
4 (Large) Flier Carnivore Megalodystrix
8%
1 (Tiny) Glider Carnivore Mekmek
8%
4 (Large) Semi-aquatic Carnivore Meorlark
8%
1 (Tiny) Semi-aquatic Herbivore Miik
8%
2 (Small) Land Omnivore Mobuushiy
8%
4 (Large) Land Herbivore Molangai
8%
2 (Small) Flier Herbivore Momola
8%
3 (Medium) Flier Herbivore Mordelium
8%
3 (Medium) Land Herbivore Morinus
8%
3 (Medium) Land Herbivore Muravil
8%
3 (Medium) Semi-aquatic Herbivore Murlk
8%
4 (Large) Land Carnivore Nachtskinhren
8%
4 (Large) Flier Carnivore Nakamaska
8%
4 (Large) Land Carnivore Nok'Tuun
8%
5 (Enormous) Land Photovore Nuciffracoccu
8%
3 (Medium) Semi-aquatic Carnivore Nymphasuchus
8%
2 (Small) Flier Carnivore Nytoltalus
8%
3 (Medium) Flier Herbivore Nyxasolyx
8%
2 (Small) Flier Herbivore Olatua
8%
5 (Enormous) Land Herbivore Oxidaizen
8%
5 (Enormous) Land Herbivore Pacedegon
8%
4 (Large) Flier Carnivore Phantaris
8%
5 (Enormous) Glider Carnivore Phantejer
8%
2 (Small) Glider Omnivore Phyremia
8%
4 (Large) Land Herbivore Pliarys
8%
3 (Medium) Flier Photo-carni Quezekel
8%
5 (Enormous) Flier Carnivore Raiquazok
8%
3 (Medium) Land Carnivore Reeox
8%
1 (Tiny) Semi-aquatic Carnivore Reverbelle
8%
3 (Medium) Glider Carnivore Ripirin
8%
2 (Small) Land Photovore Rorolo
8%
4 (Large) Flier Carnivore Salrahn
8%
4 (Large) Land Carnivore Sana'ata
8%
3 (Medium) Land Carnivore Sarchias
8%
3 (Medium) Semi-aquatic Omnivore Sha'Rei
8%
1 (Tiny) Glider Photovore Shiyaro
8%
3 (Medium) Land Herbivore Shro
8%
2 (Small) Aquatic Herbivore Squitico
8%
4 (Large) Semi-aquatic Herbivore Starknol
8%
3 (Medium) Land Carnivore Stratifelis
8%
5 (Enormous) Land Herbivore Takamorath
8%
3 (Medium) Land Carnivore Tarakotu
8%
4 (Large) Land Carnivore Taurolystris
8%
3 (Medium) Land Carnivore Teinook
8%
3 (Medium) Semi-aquatic Herbivore Therolachus
8%
4 (Large) Land Carnivore Thykallos
8%
4 (Large) Land Carnivore Tornir
8%
3 (Medium) Flier Herbivore Trutholbyeva
8%
2 (Small) Flier Herbivore Uleoum
8%
3 (Medium) Land Carnivore Undoli
8%
2 (Small) Land Carnivore Ushrumesh
8%
5 (Enormous) Semi-aquatic Carnivore Vahiaex
8%
3 (Medium) Land Herbivore Valkurse
8%
3 (Medium) Flier Omnivore Valkyrie
8%
4 (Large) Land Carnivore Varskela
8%
2 (Small) Flier Herbivore Veldys
8%
4 (Large) Land Carnivore Veludorah
8%
2 (Small) Land Photovore Veraiatrice
8%
4 (Large) Semi-aquatic Herbivore Verklixin
8%
3 (Medium) Land Carnivore Vetemortem
8%
4 (Large) Flier Omnivore Voletexius
8%
5 (Enormous) Land Omnivore Vorpalus
8%
3 (Medium) Land Carnivore Xenolif
8%
2 (Small) Semi-aquatic Herbivore Yenyasha
8%
4 (Large) Flier Herbivore Atulis
0%
5 (Enormous) Land Photo-carni Lus-Ardach
0%
3 (Medium) Flier Carnivore Pterothylux
0%
2 (Small) Flier Herbivore Wixspectr'o
0%
No matching quizzes found
Score Distribution
Percent of People with Each Score
Percentile by Number Answered
Your Score History
You have not taken this quiz